000 00765nam a2200253 i 4500
001 17443
003 ES-MaACL
005 20250902063050.0
007 t|
008 010306s1998 sp ||||1| spa d
020 _a84-7490-490-0
080 _a929 Mounier, Emmanuel
080 _a159.942
100 1 _aMounier, Emmanuel,
_d1905-1950
_983875
245 1 0 _aCartas desde el dolor /
_cEmmanuel Mounier.
260 _aMadrid :
_bEncuentro,
_c[1998]
300 _a109 p. ;
_c21 cm.
490 1 _aCreación literaria ;
_v36
600 1 4 _aMounier, Emmanuel,
_d1905-1950-
_vCorrespondencia
_983876
650 1 4 _aSufrimiento.
_917257
830 0 _aCreación literaria ;
_v36
_9178462
852 _aES-MaACL
_jL-24363
_bR.129527
999 _c17443
_d17443